How to be an even better manager

Bibliographic Details
Main Author: Armstrong, Michael, , 1928-
Format: Book
Published: London Sterling, VA : Kogan Page , 2004.
Edition:6th ed.
Subjects:

MARC

LEADER 00000cam a2200000 7i4500
001 0000003243
005 20050325.0
020 0 0 |a 074944262X 
090 0 0 |a 658.4   |b ARM 
100 1 0 |a Armstrong, Michael, ,   |d 1928- 
245 1 0 |a How to be an even better manager   |c Michael Armstrong. 
250 0 0 |a 6th ed. 
260 0 0 |a London   |a Sterling, VA :   |b Kogan Page ,   |c 2004. 
300 |a xvi, 333 p. ;   |c 22 cm. 
650 0 0 |a Management. 
999 |a 0000006148   |b Monograph   |c Open Shelf   |e Default branch